Statistics for Allies of World War I

Click here to take the quiz!

General Stats

  • This quiz has been taken 200 times
  • The average score is 5 of 6

Answer Stats

Entente Power% Correct
United Kingdom
99%
France
97%
United States
97%
Russia
91%
Italy
86%
Japan
65%

Score Distribution

Percentile by Number Answered

Percent of People with Each Score

Your Score History

You have not taken this quiz